| 000 | 00842nam a2200229 a 4500 | ||
|---|---|---|---|
| 001 | 000136279 | ||
| 003 | AM-YEHGA | ||
| 005 | 20250617122825.0 | ||
| 008 | 991010s1969 un a|||gr|||||||||0|rus|d | ||
| 040 | _aAM-YeHGA | ||
| 041 | 0 | _arus | |
| 100 | 1 | _aБерестенников, Дмитрий Степанович | |
| 245 | 1 | 0 |
_aОндатра / _cД.С. Берестенников, А.И. Гизенко, В.М. Самош ; АН УССР. Ин-т зоологии. |
| 260 |
_aКиев : _bНаук. думка, _c1969. |
||
| 300 |
_a90 с. : _bил. |
||
| 650 | 1 | 4 |
_aОндатра _xРазведение |
| 700 | 1 | _aГизенко, Александр Иванович | |
| 700 | 1 | _aСамош, Василий Михайлович | |
| 710 | 2 | _aИнститут зоологии АН УССР | |
| 942 |
_2udc _cBK |
||
| 090 | _c46335 | ||
| 999 |
_c45592 _d45592 |
||